| 000 | 00000nam##2200000za#4500 |
| 001 | 9.602891 |
| 003 | CaOODSP |
| 005 | 20240212134142 |
| 007 | cr ||||||||||| |
| 008 | 150406|1998||||xxc|||||o f|0| 0 fre|d |
| 040 | |aCaOODSP|bfre |
| 043 | |an-cn--- |
| 086 | 1 |aNE22-1/1998-5F-PDF |
| 110 | 1 |aCanada. |bOffice national de l'énergie. |
| 245 | 10|aPrincipaux documents liés à la décision de l'Office concernant le Cadre de réglementation assoupli relativement à Westcoast Energy Inc. : |h[ressource électronique]|bdemande de date du 5 mars 1998 |
| 246 | 1 |iTitre de renvoi : |aWestcoast Energy Inc. sommaire du cadre |
| 260 | |aCalgary - Alberta : |bOffice national de l'énergie |cJuin 1998. |
| 300 | |a44p.|btableaux |
| 490 | 1 |aMotifs de décision|v[RHW-1-98] |
| 590 | |a12-09-Supp|b2012-03-21 |
| 775 | 08|tKey documents related to the Board's decision on the framework for light-handed regulation in the matter of Westcoast Energy Inc. : |w(CaOODSP)9.572546 |
| 776 | 0#|tWestcoast Energy Inc. : |w(CaOODSP)9.624763 |
| 830 | #0|aMotifs de décision (Canada. Office national de l'énergie)|v[RHW-1-98]|w(CaOODSP)9.500899 |
| 856 | 40|ahttp://publications.gc.ca|qPDF|s137 Ko|uhttps://publications.gc.ca/collections/Collection/NE22-1-1998-5F.pdf|y[RHW-1-98] |